| 000 | 00684nam a2200205 i 4500 | ||
|---|---|---|---|
| 001 | 92750 | ||
| 003 | ES-MaACL | ||
| 005 | 20230906181041.0 | ||
| 007 | t| | ||
| 008 | 050428s1961 sp |||| | spa d | ||
| 080 | _a81'373.612.2 | ||
| 100 | 1 |
_aGarcía Soriano, Justo, _d1884-1949 _955310 |
|
| 245 | 1 | 0 |
_aRenovación y evolución de la metáfora / _cpor Justo García Soriano. |
| 260 |
_a[Madrid : _bs.n., _c1961?] |
||
| 300 |
_ap. [199]-224 ; _c24 cm. |
||
| 595 | _aSeparata de: Revista de archivos, bibliotecas y museos, t. 69, n. 1, 1961. | ||
| 650 | 1 | 4 |
_aMetáfora. _915013 |
| 852 |
_aES-MaACL _j2187-F-21 _z. - Donat. Ernesto García Camarero |
||
| 999 |
_c92750 _d92750 |
||